Little Dragon Discography - Statistics

General Stats
  • This quiz has been taken 2 times
  • The average score is 5 of 13
Answer Stats
Type Year Name % Correct
Album 2007 Little Dragon
100%
Album 2011 Ritual Union
100%
EP 2011 Ritual Union EP
100%
Album 2017 Season High
100%
Album 2014 Nabuma Rubberband
50%
EP 2014 Amazon Artist Lounge
0%
Compilation 2014 Best Of
0%
EP 2010 Blinking Pigs
0%
Remix EP 2014 Klapp Klapp / Paris Remixes
0%
EP 2011 Little Man
0%
Album 2009 Machine Dreams
0%
Remix Album 2015 Nabuma Purple Rubberband
0%
Remix EP 2008 Twice Remix
0%
No matching quizzes found
Score Distribution
Percent of People with Each Score
Percentile by Number Answered
Your Score History
You have not taken this quiz